| 000 | 00483nam a2200181Ia 4500 | ||
|---|---|---|---|
| 005 | 20250326142033.0 | ||
| 008 | 250326s9999 xx 000 0 und d | ||
| 037 | _aTextbook | ||
| 040 |
_aFMSL _beng _cFMSL |
||
| 041 |
_aeng _2eng |
||
| 084 | _qFMSL | ||
| 100 |
_aBasheer M _9745461 |
||
| 245 | 0 |
_aRegional planning and economic development _cBasheer M; Khan A |
|
| 260 |
_aJaipur _bJaipur, Pointer Pub. _c1988 |
||
| 300 | _a221p | ||
| 942 | _cTB | ||
| 999 |
_c1293150 _d1293150 |
||